02113nam a2200313 u 4500001000800000005001700008008004100025020001800066035001200084040001300096041000800109082000800117100004000125245005200165260004500217300006300262505086600325650003201191650003201223650003701255650004101292700003501333700004401368700004201412942000901454999001901463952015701482952016001639153307420260508093709.0190829s1968 spa  a9788429173611 a1533074 ccomduadb aspa 4a66010aMcCabe, Warren L.4auteaut946981710aOperaciones básicas de ingeniería química aBarcelona :bEditorial Reverté,c1968. apáginas: vi, 1-498 :bilustraciones, tablas, gráficas. aCONTENIDO : Prologo. -- 1. -- Introducción. -- SECCIÓN 2: MECÁNICA DE FLUIDOS. -- 2: Estática de fluidos y sus aplicaciones. -- 3: Fenómenos de Flujo de fluidos. -- 4: Ecuaciones básicas del flujo de fluidos. -- 5: Flujo de los fluidos no compresibles en conducciones y capas delgadas. -- 6: Flujo de fluidos no compresibles. -- 7: Flujo alrededor de cuerpos sumergidos. -- Transporte y medida de fluidos. -- 8: Agitación y mezcla de líquidos. -- SECCIÓN 3: TRANSMISIÓN DE CALOR Y SUS APLICACIONES. -- 10: Transmisión de calor por conducción en sólidos. -- 11: Fundamentos del Flujo de calor en fluidos. -- 12: Transmisión de calor en fluidos sin cambio de fase. -- 13: Transmisión de calor en fluidos con cambio de fase. -- 14: Transmisión de calor por radiación. -- 15: Aparatos de intercambio de calor. -- 16: Evaporación. aIngeniería química9926 aOperaciones unitarias93097 7aMecánica de fluidos2lemb9151 7aTransmisión del calor2lemb93191510aSmith, Jorge4auteaut924644410aMato Vázquez, Fidel4trletrl970257810aCoca Prados, José4trletrl9280344 cBOOK c806387d806387 001040708GENERALaCAREPbCAREPd2019-08-29eBuscalibreg139900.00iC1319576l0o660.2842 M121o v1p01085345r2023-05-04 00:00:00t1w2023-05-04yBOOK 001040708GENERALaCAREPbCAREPd2019-08-29eBuscalibreg139900.00iC1319580l0o660.2842 M121o v1 e2p01085344r2023-05-04 00:00:00t2w2023-05-04yBOOK